000 00733nam a22002177a 4500
003 OSt
005 20190621092851.0
008 130622t xxu||||| |||| 00| 0 eng d
020 _a9781921972102
050 _aQA 273
_b.H136ex 2012
100 _aHaese, Robert.
245 _aMathematics for the international student Mathematics SL :
_bfor use with IB diploma programme : exam and preparation and practice guide /
_cRobert Haese, Sandra Haese, Michael Haese.
250 _a3rd ed.
260 _aAustralia :
_bHaese & Harris Publications,
_cc2013.
300 _a112 pages :
_c26 cm.
_billustrations ;
562 _e2
650 _aMathematics
_xExamination.
942 _2lcc
_cBK
999 _c282567
_d282567